| 000 | 00442nam a22001697a 4500 | ||
|---|---|---|---|
| 003 | NUST - PNEC | ||
| 005 | 20170116181140.0 | ||
| 008 | 151008b xxu||||| |||| 00| 0 eng d | ||
| 020 | _a- | ||
| 040 | _cLIBRARY | ||
| 082 | _a629.8 MAT | ||
| 245 |
_aMATLAB High performance numeric computation and visualization software : user manual _cThe Mathworks |
||
| 250 | _a- | ||
| 260 | _c1984 | ||
| 650 |
_914627 _aMATLAB _xME |
||
| 942 |
_2ddc _cBK |
||
| 999 |
_c70471 _d70471 |
||